000 00262nam a2200109Ia 4500
008 240625s9999 xx 000 0 und d
041 _aeng
082 _a332.632283 HUL
100 _aHULL JOHN C
245 _aOPTIONS FUTURES AND OTHER DERIVATIVES
260 _c2004
999 _c39187
_d39187